000 00895nam a2200253 i 4500
001 181075
003 ES-MaACL
005 20231007202322.0
008 121016s1997 sp | |||| ||spa d
020 _a84-87319-18-1
080 _a711.4(460.283 C.)"14"
080 _a946.028.3 C."14"
100 1 _aSánchez Benito, José María.
_9151617
245 1 3 _aEl espacio urbano de Cuenca en el siglo XV /
_cJosé María Sánchez Benito.
260 _a[Cuenca] :
_bDiputación Provincial de Cuenca, Sección de Publicaciones,
_cD.L. 1997.
300 _a139 p. ;
_c24 cm.
490 1 _aSerie Historia ;
_vn. 13
650 4 _aUrbanismo-
_zCuenca-
_vHistoria.
_9151618
651 4 _aCuenca-
_xHistoria-
_yS.XV.
_9151619
830 0 _aSerie Historia ;
_vn. 13
_9176514
852 _aES-MaACL
_jA-12287
_9187958
_bR.146824
_cDEPO1
_dOlim: N-5292
942 _2udc
_cMONOGRAFIA
999 _c181075
_d181075